| 000 | 00000nas 2200000za 4500 |
| 001 | 9.832025 |
| 003 | CaOODSP |
| 005 | 20221107145903 |
| 007 | cr ||||||||||| |
| 008 | 170209d19311931oncqr p oss f0###a0eng|d |
| 040 | |aCaOODSP|beng |
| 043 | |an-cn--- |
| 086 | 1 |aCS43-004E-PDF |
| 245 | 00|aAnalysis of Canadian radio industry for ... |h[electronic resource]. |
| 260 | |aOttawa : |bDominion Bureau of Statistics, |c1931. |
| 310 | |aQuarterly |
| 362 | 0 |a1st & 2nd quarters 1931. |
| 500 | |aDigitized edition from print [produced by Statistics Canada]. |
| 520 | |aQuarterly report on production and inventory statistics for the radio manufacturing industry, radio sales by province, and number of radio licenses issued. |
| 692 | 07|2gccst|aRadio |
| 692 | 07|2gccst|aStatistics |
| 710 | 1 |aCanada. |bDominion Bureau of Statistics. |
| 785 | 00|tThe radio industry in Canada |w(CaOODSP)9.832028 |